| 000 | 00000nam##2200000za#4500 |
| 001 | 9.589920 |
| 003 | CaOODSP |
| 005 | 20210624195858 |
| 007 | cr ||||||||||| |
| 008 | 150406|1993||||xxc|||||o f|0| 0 fre|d |
| 022 | |a1488-5379 |
| 040 | |aCaOODSP|bfre |
| 041 | |aeng |
| 041 | |afre |
| 043 | |an-cn--- |
| 086 | 1 |aFs97-6/1989-PDF |
| 110 | 1 |aCanada. |bMinistère des pêches et des océans. |
| 245 | 10|aComptes rendus vingtième atelier annuel sur la toxicité aquatique du 17-21 octobre 1993, Québec, Québec / |h[ressource électronique]|céditeurs, R. van Coillie ... [et al.] |
| 260 | |aOttawa - Ontario : |bPêches et Océans Canada |c1994. |
| 300 | |a362p.|bfigures, références |
| 490 | 1 |aRapport technique canadien des sciences halieutiques et aquatiques|x1488-5379|vN° 1989 |
| 500 | |aPubl. par le Ministre des Approvisionnements et Services Canada. Le n° de catalogue et l'ISSN de l'édition imprimée apparaissent dans cette version électronique. |
| 546 | |aAbstracts in English.) Texte de présentation bilingue, texte en anglais |
| 590 | |a14-05-Supp|b2014-02-26 |
| 720 | 1 |aVan Coillie, R. |
| 791 | |tProceedings of the Twentieth Annual Aquatic Toxicity Workshop - October 17-21, 1993, Quebec City, Quebec / |eeng|w(CaOODSP)9.589919 |
| 830 | #0|aRapport technique canadien des sciences halieutiques et aquatiques,|x1488-5379|vN° 1989|w(CaOODSP)9.500270 |
| 856 | 40|ahttp://publications.gc.ca|qPDF|s13.48 Mo|uhttps://publications.gc.ca/collections/collection_2014/mpo-dfo/Fs97-6-1989.pdf|yN° 1989 |